000 00610cam a2200145 4500500
005 20260208002409.0
041 _afre
042 _adc
100 1 0 _aNaepels, Michel
_eauthor
245 0 0 _aYoram Mouchenik, L’Enfant vulnérable, Psychothérapie transculturelle en pays kanak (Nouvelle-Calédonie), Grenoble, La Pensée sauvage, 2004, 256 p., bibl., index (« Bibliothèque de l’Autre »)
260 _c2007.
500 _a47
786 0 _nL'Homme | 182 | 2 | 2007-04-01 | p. 241s-303s | 0439-4216
856 4 1 _uhttps://shs.cairn.info/revue-l-homme-2007-2-page-241s?lang=fr&redirect-ssocas=7080
999 _c1646128
_d1646128